Curso completo de geografía universal antigua y moderna
Gespeichert in:
| 1. Verfasser: | |
|---|---|
| Format: | Buch |
| Sprache: | Spanisch |
| Erschienen: |
París
Libr. de Garnier Hnos.
1868
|
| Ausgabe: | 6a. ed. |
| Katalog: | MANES: Suchergebnis im Bibliothekskatalog |
| Schulbuchspezifische Eigenschaften: |
|
| Schlagworte: | |
| Tags: |
Tag hinzufügen
Keine Tags, Fügen Sie den ersten Tag hinzu!
|
| Hinzugefügt zu: | 06.04.2019 |
| Geändert in: | 07.04.2019 |
MARC
| LEADER | 00000nam a2200000 4500 | ||
|---|---|---|---|
| 005 | 20190407173927.0 | ||
| 008 | 190407b xxu||||| |||| 00| 0 spa d | ||
| 040 | |a centro_manes |c universidad_colima | ||
| 100 | |9 20327 |a Corona Bustamante, Francisco | ||
| 245 | |a Curso completo de geografía universal antigua y moderna | ||
| 250 | |a 6a. ed. | ||
| 260 | |a París |b Libr. de Garnier Hnos. |c 1868 | ||
| 300 | |a xii-969 p. |c 21 cm. | ||
| 500 | |a Aparece: Francisco Ziga, "Bibliografía Pedagógica. Libros de texto para enseñanza primaria: 1850-1970 V. Libro de Geografía" en Boletín del Instituto de Investigaciones Bibliográficas 1981-1982, Biblioteca Nacional, Hemeroteca Nacional, Universidad Nacional Autónoma de México, Nos. 18 - 19, p. 60. |a Obra basada sobre Letronne, Malte, Balbi… enriquecida por todos los conocimientos y descubrimientos modernos y un apéndice peculiar a esta edición con la descripción más amplia de América de cuantas se han publicado hasta el día, adornada con 72 mapas. | ||
| 650 | 0 | |9 33 |a Geografía | |
| 655 | 0 | |9 4 |a Primaria | |
| 942 | |2 ddc |c BK | ||
| 999 | |c 55921 |d 55921 | ||
| 999 | |c manes:55921 |d 55921 | ||